000 00850nam a2200229Ii 4500
003 JO-AjNU
008 230605s9999||||xx |||||||||||||| ||und||
017 _a1997/7511
020 _a977-01-5237-4
040 _aJO-AjNU
_bara
_erda
_cJO-AjNU
041 _aara
050 1 4 _aQ175.B73 1997
100 3 _aتاليف برونوفسكي، جاكوب؛ ترجمة أحمد مستجير,
_eauthor
_957077
245 0 0 _aالتطور الحضاري للإنسان
264 3 1 _aالقاهرة: الهيئية المصرية العامة للكتاب، 1997
300 _a262ص
336 _atext
_btxt
_2rdacontent
337 _aunmediated
_bn
_2rdamedia
338 _avolume
_bnc
_2rdacarrier
490 0 _a الاعمال الفكرية: مهرجان القراءة للجميع
650 4 _aالعلوم - تاريخ - اصل الانسان
_957078
999 _aA25556
_c29124
_d29124